MARC details
| 000 -LEADER |
| fixed length control field |
02673cam a2200433 i 4500 |
| 001 - CONTROL NUMBER |
| control field |
GVRL74N4 |
| 003 - CONTROL NUMBER IDENTIFIER |
| control field |
MiFhGG |
| 005 - DATE AND TIME OF LATEST TRANSACTION |
| control field |
20250820004430.0 |
| 006 - FIXED-LENGTH DATA ELEMENTS--ADDITIONAL MATERIAL CHARACTERISTICS |
| fixed length control field |
m o d |
| 007 - PHYSICAL DESCRIPTION FIXED FIELD--GENERAL INFORMATION |
| fixed length control field |
cr un ---uuuua |
| 008 - FIXED-LENGTH DATA ELEMENTS--GENERAL INFORMATION |
| fixed length control field |
200423t20202020vaua ob 001 0 eng d |
| 020 ## - INTERNATIONAL STANDARD BOOK NUMBER |
| International Standard Book Number |
9781416629566 |
| Qualifying information |
(electronic book) |
| 020 ## - INTERNATIONAL STANDARD BOOK NUMBER |
| Canceled/invalid ISBN |
9781416629184 |
| Qualifying information |
(paperback) |
| 035 ## - SYSTEM CONTROL NUMBER |
| System control number |
(OCoLC)1153340445 |
| 040 ## - CATALOGING SOURCE |
| Original cataloging agency |
MiFhGG |
| Language of cataloging |
eng |
| Transcribing agency |
MiFhGG |
| Description conventions |
rda |
| -- |
pn |
| 050 #4 - LIBRARY OF CONGRESS CALL NUMBER |
| Classification number |
LB1029.T4 |
| Item number |
K37 2020 |
| 100 1# - MAIN ENTRY--PERSONAL NAME |
| Personal name |
Karten, Toby J., |
| Relator term |
author. |
| 245 10 - TITLE STATEMENT |
| Title |
Co-teaching do's, don'ts, and do betters / |
| Statement of responsibility, etc. |
Toby J. Karten, Wendy W. Murawski. |
| 264 #1 - PRODUCTION, PUBLICATION, DISTRIBUTION, MANUFACTURE, AND COPYRIGHT NOTICE |
| Place of production, publication, distribution, manufacture |
Alexandria, VA, USA : |
| Name of producer, publisher, distributor, manufacturer |
ASCD, |
| Date of production, publication, distribution, manufacture, or copyright notice |
[2020] |
| 264 #4 - PRODUCTION, PUBLICATION, DISTRIBUTION, MANUFACTURE, AND COPYRIGHT NOTICE |
| Date of production, publication, distribution, manufacture, or copyright notice |
�2020 |
| 300 ## - PHYSICAL DESCRIPTION |
| Extent |
1 online resource (196 pages) : |
| Other physical details |
illustrations |
| 336 ## - CONTENT TYPE |
| Content type term |
text |
| Content type code |
txt |
| Source |
rdacontent |
| 337 ## - MEDIA TYPE |
| Media type term |
computer |
| Media type code |
c |
| Source |
rdamedia |
| 338 ## - CARRIER TYPE |
| Carrier type term |
online resource |
| Carrier type code |
cr |
| Source |
rdacarrier |
| 490 0# - SERIES STATEMENT |
| Series statement |
Gale eBooks |
| 504 ## - BIBLIOGRAPHY, ETC. NOTE |
| Bibliography, etc. note |
Includes bibliographical references and index. |
| 505 0# - FORMATTED CONTENTS NOTE |
| Formatted contents note |
The Co-Teaching Spokes and Inclusive Principles: The Do's, Don'ts, and Do Betters of a Co-Teaching Environment -- The Relationship and Collaborative Roles: The Do's, Don'ts, and Do Betters to Guide and Strengthen Co-Teachers -- Planning for Instruction and Assessment: The Do's, Don'ts, and Do Betters When Planning -- Collaborative Teaching in Action: The Do's, Don'ts, and Do Betters When Actually Teaching -- Academic and Behavioral Co-Teaching Supports and Interventions: The Do's, Don'ts, and Do Betters to Create Strategic Learners -- Collaborative Reflections, Improvements, and Co-Teaching Celebrations: The Do's, Don'ts, and Do Betters to Move Forward. |
| 520 ## - SUMMARY, ETC. |
| Summary, etc. |
Co-teaching has been increasingly adopted to support students in the general education classroom. This practical guide details the best practices for successful co-teaching and ways to troubleshoot common pitfalls. This book addresses: the co-teaching relationship and collaborative roles; co-planning instruction and assessment; co-teaching in action; academic and behavioral supports and interventions; and collaborative reflections, improvements, and celebrations. |
| 588 ## - SOURCE OF DESCRIPTION NOTE |
| Source of description note |
Description based on print version record. |
| 650 #0 - SUBJECT ADDED ENTRY--TOPICAL TERM |
| Topical term or geographic name entry element |
Teaching teams. |
| 650 #0 - SUBJECT ADDED ENTRY--TOPICAL TERM |
| Topical term or geographic name entry element |
Teachers |
| General subdivision |
Professional relationships. |
| 650 #0 - SUBJECT ADDED ENTRY--TOPICAL TERM |
| Topical term or geographic name entry element |
Inclusive education. |
| 700 1# - ADDED ENTRY--PERSONAL NAME |
| Personal name |
Murawski, Wendy W., |
| Relator term |
author. |
| 710 2# - ADDED ENTRY--CORPORATE NAME |
| Corporate name or jurisdiction name as entry element |
Gale (Firm) |
| 776 08 - ADDITIONAL PHYSICAL FORM ENTRY |
| Relationship information |
Print version: |
| Title |
Co-teaching do's, don'ts, and do betters. |
| Place, publisher, and date of publication |
Alexandria, VA, USA : ASCD, [2020] |
| International Standard Book Number |
9781416629184 |
| Record control number |
(DLC) 2020012005 |
| 856 40 - ELECTRONIC LOCATION AND ACCESS |
| Uniform Resource Identifier |
<a href="https://link.gale.com/apps/pub/74N4/GVRL?sid=gale_marc&u=phurs">https://link.gale.com/apps/pub/74N4/GVRL?sid=gale_marc&u=phurs</a> |
| Public note |
Available via Gale eBooks. Click here to access |
| 912 ## - |
| -- |
74N4 |
| 942 ## - ADDED ENTRY ELEMENTS (KOHA) |
| Source of classification or shelving scheme |
Library of Congress Classification |
| Koha item type |
E-Book |